KOHA-Header-6

Core Competency based Strategy (Record no. 9380)

000 -LEADER
fixed length control field 00274nam a2200109Ia 4500
100 ## - MAIN ENTRY--AUTHOR NAME
Personal name Andrew Campbell
245 #0 - TITLE STATEMENT
Title Core Competency based Strategy
260 ## - PUBLICATION, DISTRIBUTION, ETC. (IMPRINT)
Place of publication New Jersey
Name of publisher Prentice Hall
Year of publication 2001
300 ## - PHYSICAL DESCRIPTION
Number of Pages 606
942 ## - ADDED ENTRY ELEMENTS (KOHA)
Koha item type Books
Holdings
Withdrawn status Lost status Permanent Location Current Location Date acquired Full call number Accession Number Koha item type
    MAJU MAJU 2019-09-14 658.8 5051 Books

Powered by Koha